00697 2200241 4500001002100000005001700021008004100038035002400079040001200103082000800115090001500123100002600138245009700164250001100261260002800272300003000300505003100330650002800361700001800389700001800407850001200425990001800437YOGYA-0209000002914320090227024309.0 ind  0010-020900000029143 aYOPDYOG a657 a657bHor A aHARAHAP, Sofyan Syari aAuditing kontemporercdisusun oleh Sofyan Syafri Harahap ; editor Ivone Pongoh, Suryadi Saat aCet. 1 aJakartabErlanggac1991 axii, 310 hlmbilusc24 cm aBibliografi : hlm. 309-310 aAkuntansi - Pemeriksaan aSaat, Suryadi aPongoh, Ivone aYOPDYOG a54098-P/94b1